Svět spěje k účetní jednotě
Štúdia GAAP Convergence 2002, ktorú spracovalo šesť najväčších svetových účtovných spoločností, ukazuje, nakoľko jednotlivé krajiny pokročili na ceste k prijatiu medzinárodných účtovných štandardov.
Gespeichert in:
| 1. Verfasser: | |
|---|---|
| Format: | Buchkapitel |
| Sprache: | Tschechisch |
| Schlagworte: | |
| Tags: |
Keine Tags, Fügen Sie das erste Tag hinzu!
|
MARC
| LEADER | 00000naa a2200000 4500 | ||
|---|---|---|---|
| 001 | r048012 | ||
| 005 | 20231004070942.9 | ||
| 041 | 0 | |a cze | |
| 044 | |a CZ | ||
| 245 | 1 | 0 | |a Svět spěje k účetní jednotě |c Jan Martínek |
| 520 | |a Štúdia GAAP Convergence 2002, ktorú spracovalo šesť najväčších svetových účtovných spoločností, ukazuje, nakoľko jednotlivé krajiny pokročili na ceste k prijatiu medzinárodných účtovných štandardov. | ||
| 610 | 2 | 0 | |a účtovníctvo medzinárodné |
| 610 | 2 | 0 | |a štandardy |
| 610 | 2 | 0 | |a svet |
| 610 | 2 | 0 | |a 2002 |
| 100 | 1 | |a Martínek, Jan | |